S Ferdišem Dušou "Dolu Váhom" : (průvodce výtvarným dílem grafika a malíře) /

Hlavní autor: Bogar, Karel, 1939-
Jazyk: Čeština
Vydáno: Frýdek-Místek : Okresní vlastivědné muzeum, 1982
Edice: Mládež a kultura
Témata:
Fyzický popis: 33 s. : il. + 7 volných příl.
Knihy
Uloženo v:
LEADER 01238nam a22003612a 4500
001 000687478
003 CZ BrMZK
005 20170216111048.0
007 ta
008 030915s1982 xr af e cze d
015 |a cnb000001787 
035 |a (OCoLC)39591584 
040 |a BOA001  |b cze  |c BOA001 
045 |a w8x5 
072 7 |a 72/76  |x Výtvarné umění  |2 Konspekt  |9 21 
080 |a 72/76(437.3)  |2 MRF 
080 |a (036)  |2 MRF 
100 1 |a Bogar, Karel,  |d 1939-  |7 ola2004219943  |4 aut 
245 1 0 |a S Ferdišem Dušou "Dolu Váhom" :  |b (průvodce výtvarným dílem grafika a malíře) /  |c Karel Bogar 
260 |a Frýdek-Místek :  |b Okresní vlastivědné muzeum,  |c 1982 
300 |a 33 s. :  |b il. +  |e 7 volných příl. 
490 1 |a Mládež a kultura 
504 |a Obsahuje bibliografii 
600 1 7 |a Duša, Ferdiš,  |d 1888-1958  |7 jk01023381 
648 7 |a 19.-20. století  |7 ch757015 
648 4 |a 1888-1958 
650 0 7 |a české výtvarné umění  |7 ph116865  |y 19.-20. století  |2 czenas 
655 7 |a průvodce  |7 fd133154  |2 czenas 
830 0 |a Mládež a kultura 
910 |a BOA001  |b X-0855.034 
990 |a BK 
991 |b 201702 
996 6 |b 2619306221  |c X-0855.034  |l MZK  |r Sklad / do 24 hodin  |n 4  |w 000687478  |u 000010  |a 1  |e BOA001  |j MZK50  |s P